<?xml version="1.0" encoding="UTF-8"?>
<record
    xmlns:xsi="http://www.w3.org/2001/XMLSchema-instance"
    xsi:schemaLocation="http://www.loc.gov/MARC21/slim http://www.loc.gov/standards/marcxml/schema/MARC21slim.xsd"
    xmlns="http://www.loc.gov/MARC21/slim">

  <leader>00763nam a2200193 a 4500</leader>
  <controlfield tag="001">612</controlfield>
  <controlfield tag="003">CDMR</controlfield>
  <controlfield tag="005">20131217142654.0</controlfield>
  <controlfield tag="008">130130s1971||||||||||||||||||||||||||||d</controlfield>
  <datafield tag="024" ind1=" " ind2=" ">
    <subfield code="2">DL</subfield>
    <subfield code="a">M-20230-1971</subfield>
  </datafield>
  <datafield tag="040" ind1=" " ind2=" ">
    <subfield code="a">CDMR</subfield>
    <subfield code="b">cat</subfield>
    <subfield code="c">CDMR</subfield>
  </datafield>
  <datafield tag="100" ind1="1" ind2=" ">
    <subfield code="a">Zarag&#xFC;eta, Juan</subfield>
    <subfield code="9">462</subfield>
  </datafield>
  <datafield tag="245" ind1="1" ind2="0">
    <subfield code="a">Cuarenta a&#xF1;os de periodismo</subfield>
    <subfield code="b">: colecci&#xF3;n de art&#xED;culos publicados en ABC de 1930 a 1970</subfield>
    <subfield code="c">Juan Zarag&#xFC;eta</subfield>
  </datafield>
  <datafield tag="260" ind1=" " ind2=" ">
    <subfield code="a">Madrid</subfield>
    <subfield code="c">1971</subfield>
    <subfield code="b">Prensa Espa&#xF1;ola</subfield>
  </datafield>
  <datafield tag="500" ind1=" " ind2=" ">
    <subfield code="a">Els nou primers articles va ser publicats durant la guerra a ABC, de Sevilla, i constitueixen un comentari del Fuero del Trabajo. 

Els restants han sigut publicats al ABC de Madrid</subfield>
  </datafield>
  <datafield tag="600" ind1="1" ind2=" ">
    <subfield code="9">462</subfield>
    <subfield code="a">Zarag&#xFC;eta, Juan</subfield>
    <subfield code="v">Recull d'escrits</subfield>
    <subfield code="y">1930-1970</subfield>
  </datafield>
  <datafield tag="610" ind1="2" ind2=" ">
    <subfield code="9">90</subfield>
    <subfield code="a">ABC (Diari)</subfield>
  </datafield>
  <datafield tag="942" ind1=" " ind2=" ">
    <subfield code="c">MON</subfield>
    <subfield code="2">ddc</subfield>
  </datafield>
  <datafield tag="999" ind1=" " ind2=" ">
    <subfield code="c">612</subfield>
    <subfield code="d">612</subfield>
  </datafield>
  <datafield tag="952" ind1=" " ind2=" ">
    <subfield code="0">0</subfield>
    <subfield code="1">0</subfield>
    <subfield code="4">0</subfield>
    <subfield code="7">0</subfield>
    <subfield code="a">CDMR</subfield>
    <subfield code="b">CDMR</subfield>
    <subfield code="d">2013-01-16</subfield>
    <subfield code="l">0</subfield>
    <subfield code="o">Am /65</subfield>
    <subfield code="p">CDMR13097455</subfield>
    <subfield code="r">2013-01-16</subfield>
    <subfield code="w">2013-01-16</subfield>
    <subfield code="y">MON</subfield>
  </datafield>
  <datafield tag="952" ind1=" " ind2=" ">
    <subfield code="0">0</subfield>
    <subfield code="1">0</subfield>
    <subfield code="2">udc</subfield>
    <subfield code="4">0</subfield>
    <subfield code="7">0</subfield>
    <subfield code="8">REF</subfield>
    <subfield code="a">GIRONA</subfield>
    <subfield code="b">GIRONA</subfield>
    <subfield code="d">2010-12-03</subfield>
    <subfield code="l">0</subfield>
    <subfield code="o">Am 102 </subfield>
    <subfield code="p">GIRONA13097456</subfield>
    <subfield code="r">2013-01-16</subfield>
    <subfield code="w">2013-01-16</subfield>
    <subfield code="y">MON</subfield>
  </datafield>
</record>
